[Event "Sparkassen-Open B"]
[Site "Heusenstamm, Martinsee"]
[Date "2019.11.23"]
[Round "4.32"]
[White "Hüttinger, Siegfried"]
[Black "Berkes, Jörg"]
[Result "0-1"]
[WhiteElo "1510"]
[BlackElo "1754"]
[PlyCount "102"]
[EventDate "2019.??.??"]
[WhiteTeam "SC Königsspringer Alzenau"]
[BlackTeam "SK Langen"]

1. c4 Nf6 2. Nc3 e5 3. g3 c6 4. Bg2 Be7 5. d3 d6 6. e3 Be6 7. b3 O-O 8. Nge2 d5
9. O-O Qd7 10. cxd5 Nxd5 11. Bb2 Bf6 12. Ne4 Na6 13. a3 Bh3 14. Rc1 Rfe8 15.
N2c3 Rad8 16. Nxd5 cxd5 17. Nxf6+ gxf6 18. f4 Bg4 19. Bf3 h5 20. Bxg4 hxg4 21.
f5 Qb5 22. b4 Kf8 23. Kg2 Qb6 24. Re1 Qb5 25. Bc3 d4 26. a4 Qc6+ 27. e4 dxc3
28. b5 Qc5 29. bxa6 bxa6 30. Qc2 Rc8 31. h3 gxh3+ 32. Kxh3 Ke7 33. Rb1 Rh8+ 34.
Kg2 Rc7 35. Kf3 Qd4 36. Rf1 Rd8 37. Rfd1 Rd6 38. Rbc1 Rb6 39. Rb1 Rcb7 40. Rxb6
Rxb6 41. Rb1 a5 42. Ke2 Rxb1 43. Qxb1 Qb4 44. Qc2 Qb2 45. Kd1 Qa1+ 46. Ke2 Kd6
47. d4 Qb2 48. Kd3 Qxc2+ 49. Kxc2 exd4 50. g4 Ke5 51. Kd3 a6 0-1

[Event "Sparkassen-Open B"]
[Site "Heusenstamm, Martinsee"]
[Date "2019.11.23"]
[Round "4.33"]
[White "Scheerer, Julian"]
[Black "Bengsch, Norbert"]
[Result "0-1"]
[WhiteElo "1483"]
[BlackElo "1742"]
[PlyCount "94"]
[EventDate "2019.??.??"]
[WhiteTeam "SV Ffm-Griesheim"]
[BlackTeam "SG Donautal Tuttlingen"]

1. e4 d6 2. d4 Nf6 3. Nc3 g6 4. Be3 Bg7 5. Bc4 O-O 6. h3 Nxe4 7. Nxe4 d5 8. Bd3
dxe4 9. Bxe4 Nd7 10. Ne2 Nf6 11. Bf3 Nd5 12. O-O c6 13. c4 Nxe3 14. fxe3 Qb6
15. b3 c5 16. Rc1 cxd4 17. exd4 e6 18. c5 Qc7 19. b4 Bd7 20. Qb3 Bc6 21. b5
Bxf3 22. Rxf3 a6 23. a4 axb5 24. axb5 Qd8 25. Qc4 Qd5 26. Qxd5 exd5 27. c6 bxc6
28. bxc6 Rfe8 29. c7 Rac8 30. Kf2 Re7 31. Rfc3 Re4 32. Rc6 Bh6 33. Rb1 Kg7 34.
Nc3 Be3+ 35. Kf3 Ree8 36. Nxd5 Bxd4 37. Rc4 Be5 38. Re4 f6 39. Nb6 Rxc7 40.
Rbe1 Rd8 41. g4 h6 42. h4 Rd3+ 43. Kg2 Rc2+ 44. Kf1 Rf3+ 45. Kg1 Rg3+ 46. Kf1
Rgg2 47. Rd1 Rcf2+ 0-1

[Event "Sparkassen-Open B"]
[Site "Heusenstamm, Martinsee"]
[Date "2019.11.23"]
[Round "4.34"]
[White "Heller, Holger"]
[Black "Schmid, Leon"]
[Result "1/2-1/2"]
[WhiteElo "1722"]
[BlackElo "1546"]
[PlyCount "90"]
[EventDate "2019.??.??"]
[WhiteTeam "TuS Dotzheim"]
[BlackTeam "SF Heidesheim"]

1. d4 Nf6 2. c4 g6 3. Nc3 Bg7 4. e4 d6 5. Nf3 O-O 6. Be2 e5 7. d5 Ne8 8. Bg5 f6
9. Bh4 Qd7 10. O-O f5 11. exf5 Qxf5 12. Bg3 Qf7 13. Qd3 Nd7 14. Ne4 Bh6 15. Bh4
Ndf6 16. Nxf6+ Nxf6 17. Bg5 Bg7 18. Qe3 Ng4 19. Qd2 Bf6 20. Bxf6 Nxf6 21. h3
Bf5 22. Rfe1 Rae8 23. Nh4 Ne4 24. Qe3 Nc5 25. Nxf5 Qxf5 26. Bg4 Qf4 27. b4 Qxe3
28. Rxe3 Na6 29. a3 Rf4 30. Rc1 Ref8 31. f3 b6 32. Bd7 Kg7 33. Bb5 Nb8 34. c5
R8f7 35. cxd6 cxd6 36. Rec3 Rd4 37. Rc8 Nd7 38. Rd8 Nf6 39. Rxd6 Nxd5 40. Rdc6
e4 41. fxe4 Rxe4 42. Bc4 Rd7 43. Bxd5 Rxd5 44. Rc7+ Kh6 45. R7c2 a6 1/2-1/2

[Event "Sparkassen-Open B"]
[Site "Heusenstamm, Martinsee"]
[Date "2019.11.23"]
[Round "4.35"]
[White "Ziegler, Christopher"]
[Black "Plaumann, Arvin"]
[Result "0-1"]
[WhiteElo "1408"]
[BlackElo "1691"]
[PlyCount "63"]
[EventDate "2019.??.??"]
[WhiteTeam "SV Kelsterbach"]
[BlackTeam "SF Heidesheim"]

1. e4 e6 2. d4 d5 3. e5 c5 4. c3 Nc6 5. Nf3 Qb6 6. Na3 cxd4 7. cxd4 Bb4+ 8. Ke2
Nge7 9. Nc2 Nf5 10. a3 Qb5+ 11. Qd3 Qxd3+ 12. Kxd3 Be7 13. Be2 b6 14. Kc3 O-O
15. g4 Nh4 16. Nxh4 Bxh4 17. f4 Bb7 18. b3 Rac8 19. Kb2 f6 20. Be3 fxe5 21.
fxe5 Bf2 22. Bb5 Bxe3 23. Bxc6 Rf2 24. Kb1 Bxd4 25. Nxd4 Bxc6 26. Nxe6 d4 27.
Re1 d3 28. Ra2 d2 29. Rg1 Be4+ 30. Kb2 Rc2+ 31. Ka1 Rxa2+ 32. Kxa2 0-1

[Event "Sparkassen-Open B"]
[Site "Heusenstamm, Martinsee"]
[Date "2019.11.23"]
[Round "4.36"]
[White "Firinci, Erdem"]
[Black "Bosse, Christian"]
[Result "1-0"]
[WhiteElo "1613"]
[BlackElo "1507"]
[PlyCount "81"]
[EventDate "2019.??.??"]
[WhiteTeam "SF Heusenstamm"]
[BlackTeam "SF Nordost Berlin"]

1. e4 Nf6 2. Nc3 d5 3. exd5 Nxd5 4. Nxd5 Qxd5 5. Nf3 Nc6 6. d4 Bg4 7. Be3 Bxf3
8. Qxf3 Qxf3 9. gxf3 g6 10. Bb5 Bg7 11. Bxc6+ bxc6 12. O-O-O O-O 13. d5 cxd5
14. Rxd5 e6 15. Rd7 Rfc8 16. Rhd1 Bf6 17. f4 a6 18. h3 a5 19. R1d3 a4 20. Bd4
Bh4 21. Rc3 c6 22. Be3 Ra6 23. Rcd3 Bf6 24. Rb7 Rd8 25. Rxd8+ Bxd8 26. Rb8 a3
27. Rxd8+ Kg7 28. Bd4+ Kh6 29. b3 Ra5 30. Bf6 Rf5 31. Bg5+ Kg7 32. Be7 Rxf4 33.
Bxa3 Rxf2 34. Rd6 Rh2 35. Rxc6 Rxh3 36. Bb4 Rh1+ 37. Kb2 Rd1 38. a4 Rd5 39. a5
Rb5 40. Rb6 Rd5 41. a6 1-0

[Event "Sparkassen-Open B"]
[Site "Heusenstamm, Martinsee"]
[Date "2019.11.23"]
[Round "4.37"]
[White "Ramien, Hannah"]
[Black "Köpke, Carolina"]
[Result "1/2-1/2"]
[WhiteElo "1429"]
[BlackElo "1453"]
[PlyCount "51"]
[EventDate "2019.??.??"]
[WhiteTeam "SG Porz"]
[BlackTeam "SV Oberursel"]

1. e4 e5 2. Nf3 Nc6 3. Bc4 Bc5 4. c3 Nf6 5. d3 Bb6 6. Bb3 d6 7. Nbd2 Ne7 8. Nf1
Ng6 9. Ng3 h6 10. O-O O-O 11. h3 c6 12. Re1 Be6 13. Bc2 Qd7 14. d4 Rad8 15. Be3
Rfe8 16. d5 Bxh3 17. dxc6 bxc6 18. Bxb6 axb6 19. gxh3 Qxh3 20. Qe2 Nf4 21. Qf1
Ng4 22. Qxh3 Nxh3+ 23. Kg2 Nf4+ 24. Kf1 Re6 25. Nh4 h5 26. f3 1/2-1/2

[Event "Sparkassen-Open B"]
[Site "Heusenstamm, Martinsee"]
[Date "2019.11.23"]
[Round "4.39"]
[White "Solovej, Philip"]
[Black "Mensendiek, Theodor"]
[Result "1/2-1/2"]
[WhiteElo "1245"]
[BlackElo "1577"]
[PlyCount "51"]
[EventDate "2019.??.??"]
[WhiteTeam "SK Gründau"]
[BlackTeam "SF Heusenstamm"]

1. e4 e5 2. Nf3 Nc6 3. Bc4 Bc5 4. c3 Nf6 5. d3 O-O 6. b4 Be7 7. Be3 a6 8. a4 d5
9. exd5 Nxd5 10. h3 Nxe3 11. fxe3 Bh4+ 12. Ke2 Bf5 13. e4 Bg6 14. Bd5 Bf6 15.
Bxc6 bxc6 16. Nbd2 Qe7 17. Nc4 Rfd8 18. Qc2 Rd7 19. g4 Rad8 20. Rad1 Qf8 21. g5
Be7 22. Nfxe5 Bh5+ 23. Kf2 Bxd1 24. Rxd1 Bxg5 25. Nxd7 Rxd7 26. d4 1/2-1/2

[Event "Sparkassen-Open B"]
[Site "Heusenstamm, Martinsee"]
[Date "2019.11.23"]
[Round "4.40"]
[White "Kosak, Karolina"]
[Black "Wu, Sifan"]
[Result "0-1"]
[WhiteElo "1207"]
[BlackElo "1574"]
[PlyCount "28"]
[EventDate "2019.??.??"]
[WhiteTeam "SV Frankfurt Nord"]
[BlackTeam "SV Oberursel"]

1. e4 e5 2. Nf3 Nc6 3. d4 exd4 4. Bc4 Nf6 5. e5 d5 6. Bb5 Ne4 7. Nxd4 Bd7 8.
Bxc6 bxc6 9. f3 Qh4+ 10. Ke2 Qf2+ 11. Kd3 Nc5+ 12. Kc3 Na4+ 13. Kd3 c5 14. Be3
c4# 0-1

[Event "Sparkassen-Open B"]
[Site "Heusenstamm, Martinsee"]
[Date "2019.11.23"]
[Round "4.41"]
[White "Emrich, Franz"]
[Black "Gräf, Kilian Gabriel"]
[Result "1/2-1/2"]
[WhiteElo "1572"]
[BlackElo "1439"]
[PlyCount "25"]
[EventDate "2019.??.??"]
[WhiteTeam "SC Lambsheim"]
[BlackTeam "SV Frankfurt Nord"]

1. d4 Nf6 2. c4 e5 3. dxe5 Ng4 4. Nf3 Bc5 5. e3 Nc6 6. Be2 Ngxe5 7. Nbd2 O-O 8.
Nxe5 Nxe5 9. Nf3 d6 10. O-O Be6 11. b3 Qf6 12. Nxe5 dxe5 13. Bb2 1/2-1/2

[Event "Sparkassen-Open B"]
[Site "Heusenstamm, Martinsee"]
[Date "2019.11.23"]
[Round "4.42"]
[White "Lietz, Helmuth"]
[Black "Trenz, Finn"]
[Result "1-0"]
[WhiteElo "1519"]
[BlackElo "1358"]
[PlyCount "101"]
[EventDate "2019.??.??"]
[WhiteTeam "SC Taunusstein"]
[BlackTeam "SK Gau-Algesheim"]

1. d4 d5 2. Nc3 Bf5 3. Bf4 e6 4. a3 c5 5. dxc5 Bxc5 6. e3 Nc6 7. Nf3 Nf6 8. Bd3
Bg4 9. h3 Bxf3 10. Qxf3 e5 11. Bg5 e4 12. Bxf6 gxf6 13. Bxe4 dxe4 14. Qxe4+ Qe7
15. Qf5 Qe5 16. Qg4 Qg5 17. Qe4+ Kf8 18. O-O-O Rd8 19. Rxd8+ Nxd8 20. Rd1 Nc6
21. Rd5 Bxe3+ 22. fxe3 Qg6 23. g4 Qxe4 24. Nxe4 Ke7 25. Kd2 Ke6 26. c4 Rd8 27.
Nc5+ Ke7 28. Nxb7 Rxd5+ 29. cxd5 Ne5 30. b3 Kd7 31. e4 Nf3+ 32. Ke3 Ne5 33.
Nc5+ Kd6 34. Nd3 Nd7 35. a4 a5 36. Kd4 Nb6 37. Nb2 h6 38. Nc4+ Nxc4 39. bxc4 f5
40. gxf5 f6 41. c5+ Kc7 42. Kc4 h5 43. Kb5 h4 44. Kxa5 Kb7 45. Kb5 Kc7 46. a5
Kb7 47. d6 Kc8 48. Kc6 Kd8 49. a6 Kc8 50. a7 Kd8 51. a8=Q# 1-0

[Event "Sparkassen-Open B"]
[Site "Heusenstamm, Martinsee"]
[Date "2019.11.23"]
[Round "4.43"]
[White "Dietl, Harald"]
[Black "Sarbu, Marc Constantin"]
[Result "1-0"]
[WhiteElo "1792"]
[BlackElo "1421"]
[PlyCount "103"]
[EventDate "2019.??.??"]
[WhiteTeam "SK Abensberg"]
[BlackTeam "SC Saarlouis"]

1. e4 e5 2. Nf3 Nf6 3. Nc3 Nc6 4. Bb5 Bc5 5. O-O O-O 6. Bxc6 dxc6 7. d3 Bg4 8.
Be3 Bd4 9. h3 Bh5 10. g4 Nxg4 11. hxg4 Bxg4 12. Kg2 f5 13. Qc1 fxe4 14. Nh2 Qh4
15. Nxe4 Bh3+ 16. Kg1 Bxf1 17. Nxf1 Qg4+ 18. Nfg3 h5 19. Bxd4 exd4 20. Qg5 Qxg5
21. Nxg5 h4 22. N3e4 Rf5 23. Ne6 Rc8 24. Nxd4 Rd5 25. Nf3 Rh5 26. Kg2 h3+ 27.
Kg3 Kf7 28. Nfg5+ Ke7 29. Nxh3 Rch8 30. Nf4 Rh1 31. Rxh1 Rxh1 32. Ne2 Rb1 33.
b3 Rb2 34. Nd4 Rxa2 35. Kf4 a5 36. Ke3 Kd7 37. Nc5+ Kc8 38. Nce6 g6 39. Kd2 Ra1
40. Nf3 b5 41. Nc5 a4 42. bxa4 bxa4 43. Kc3 a3 44. Kb3 Rf1 45. Ne4 Ra1 46. Nd4
Kd7 47. Nf3 Ke6 48. Ned2 Rc1 49. c3 Ra1 50. Nc4 Rd1 51. Kxa3 Kd5 52. Ne3+ 1-0

[Event "Sparkassen-Open B"]
[Site "Heusenstamm, Martinsee"]
[Date "2019.11.23"]
[Round "4.44"]
[White "Klein, Simon"]
[Black "Chambers, Dominik Keith"]
[Result "0-1"]
[WhiteElo "1371"]
[BlackElo "1684"]
[PlyCount "180"]
[EventDate "2019.??.??"]
[WhiteTeam "SK Hungen"]
[BlackTeam "SC Lorsch"]

1. d4 Nf6 2. Bf4 g6 3. Nc3 Bg7 4. e4 d6 5. Qd2 O-O 6. O-O-O Nbd7 7. Nf3 c5 8.
dxc5 Nxc5 9. e5 Nfe4 10. Nxe4 Nxe4 11. Qe3 d5 12. Bd3 Qa5 13. Kb1 Bf5 14. Bxe4
Bxe4 15. Qb3 Rac8 16. Rd2 Rc4 17. Qxb7 Rc7 18. Qb3 e6 19. Nd4 Rfc8 20. f3 Bxc2+
21. Rxc2 Rxc2 22. Nxc2 h6 23. h4 Qa6 24. Qe3 Kh7 25. g4 Qa4 26. Rc1 Qb5 27. Nd4
Rxc1+ 28. Qxc1 Qd3+ 29. Nc2 Qxf3 30. g5 h5 31. a3 Qe4 32. Qe3 Qh1+ 33. Qe1 Qf3
34. Be3 a6 35. Bc5 Qd3 36. Qc3 Qe4 37. Qd4 Qe2 38. Bd6 Qf1+ 39. Ka2 Qf5 40. Nb4
Qf1 41. Qd3 Qe1 42. Qd4 Qe2 43. Nc6 Qb5 44. Qc5 Qd3 45. Nd8 Qf1 46. Qa7 Qc4+
47. Kb1 Qf1+ 48. Kc2 Qe2+ 49. Kb1 Qf1+ 50. Kc2 Qe2+ 51. Kb3 Qf3+ 52. Kb4 Qe4+
53. Ka5 d4 54. Nxf7 Qd5+ 55. Kxa6 Qc6+ 56. Qb6 Qa8+ 57. Qa7 Qc6+ 58. Ka5 Qd5+
59. Qc5 Qa8+ 60. Kb6 d3 61. Qc3 Qf3 62. a4 Qf2+ 63. Bc5 Qxf7 64. Qxd3 Bxe5 65.
Qe4 Qc7+ 66. Kb5 Qb8+ 67. Bb6 Qd6 68. b4 Kg7 69. a5 Bc3 70. a6 Qd7+ 71. Qc6
Qd3+ 72. Kc5 Bd4+ 73. Kd6 Bxb6+ 74. Kxe6 Qf5+ 75. Ke7 Qe5+ 76. Kd7 Qf5+ 77. Qe6
Qb5+ 78. Ke7 Qxb4+ 79. Qd6 Bc5 80. Qxc5 Qxc5+ 81. Kd7 Qa7+ 82. Ke6 Qxa6+ 83.
Ke5 Kf7 84. Kf4 Ke6 85. Ke3 Ke5 86. Kf3 Qa3+ 87. Kg2 Kf4 88. Kf2 Qa2+ 89. Kf1
Kf3 90. Kg1 Qg2# 0-1

[Event "Sparkassen-Open B"]
[Site "Heusenstamm, Martinsee"]
[Date "2019.11.23"]
[Round "4.45"]
[White "Burow, Roger"]
[Black "Andrianarison, Ny Koloina"]
[Result "1/2-1/2"]
[WhiteElo "1670"]
[BlackElo "1398"]
[PlyCount "142"]
[EventDate "2019.??.??"]
[WhiteTeam "SV Kelsterbach"]
[BlackTeam "ESV Gera"]

1. e4 e5 2. Nf3 Nf6 3. d4 exd4 4. e5 Nd5 5. Qxd4 c6 6. c4 Bb4+ 7. Bd2 Bxd2+ 8.
Nbxd2 Ne7 9. Bd3 b6 10. O-O c5 11. Qg4 g6 12. Ne4 d5 13. Nf6+ Kf8 14. Qh4 Kg7
15. g4 h6 16. Rad1 d4 17. Be4 Nbc6 18. h3 Rb8 19. Qg3 Bb7 20. Rfe1 Ng8 21. Nd5
Nge7 22. Qf4 Nxd5 23. Bxd5 Rf8 24. Qe4 Na5 25. b4 Bxd5 26. cxd5 Nb7 27. bxc5
bxc5 28. Rc1 Re8 29. Nd2 f5 30. Qf3 fxg4 31. hxg4 Qg5 32. Nc4 h5 33. e6 Re7 34.
Ne5 Rf8 35. Qg2 hxg4 36. Qxg4 Rf5 37. Qxg5 Rxg5+ 38. Kf1 Kf6 39. Nd7+ Rxd7 40.
exd7 Rxd5 41. Ke2 Rxd7 42. Kd3 Kf5 43. Rc2 Rc7 44. Rce2 Nd6 45. Re5+ Kf4 46.
Re6 Nf5 47. Rxg6 c4+ 48. Kc2 Rb7 49. Rge6 c3 50. Rb1 d3+ 51. Kxd3 Rxb1 52. Kxc3
Rb7 53. Ra6 Ke4 54. Ra4+ Kf3 55. Kd3 Ne7 56. Kc4 Kxf2 57. Kc5 Ke3 58. Ra6 Kd3
59. Ra3+ Kc2 60. Kc4 Rc7+ 61. Kb5 Kb2 62. Ra6 Kc3 63. Ra3+ Kd4 64. Ra6 Nd5 65.
Ra4+ Ke5 66. Ra6 Rb7+ 67. Kc5 Nc7 68. Kc6 Rb6+ 69. Rxb6 axb6 70. Kxb6 Nd5+ 71.
Kc5 Nc3 1/2-1/2

[Event "Sparkassen-Open B"]
[Site "Heusenstamm, Martinsee"]
[Date "2019.11.23"]
[Round "4.46"]
[White "Federenko, Ingo"]
[Black "Gräf, Jakob Vincent"]
[Result "0-1"]
[WhiteElo "1359"]
[BlackElo "1609"]
[PlyCount "94"]
[EventDate "2019.??.??"]
[WhiteTeam "SC FK Babenhausen"]
[BlackTeam "SV Frankfurt Nord"]

1. d4 d5 2. c4 c6 3. Nc3 Nf6 4. Bf4 e6 5. e3 Bd6 6. Bxd6 Qxd6 7. a3 Nbd7 8. Nf3
O-O 9. cxd5 exd5 10. Be2 Re8 11. O-O Nf8 12. Re1 Bf5 13. Bd3 Ne4 14. Rc1 h6 15.
Ne2 Nd7 16. Nf4 Ndf6 17. Ne5 Bh7 18. f3 Ng5 19. Bxh7+ Ngxh7 20. Rc2 Ng5 21.
Rce2 Rad8 22. h4 Ne6 23. Nh3 c5 24. Rd2 cxd4 25. exd4 Nxd4 26. Nxf7 Nxf3+ 27.
Qxf3 Rxe1+ 28. Kf2 Kxf7 29. Kxe1 Kg8 30. Nf4 Rd7 31. g3 Qc5 32. Ne2 Ne4 33. Qf5
Rf7 34. Qxd5 Qf2+ 35. Kd1 Nxd2 36. Kxd2 Qf6 37. Qb3 Kh8 38. Nf4 Qd4+ 39. Nd3
Rf2+ 40. Kc1 Rf3 41. Kc2 Rxg3 42. h5 Qe4 43. Qb5 Rg5 44. Qd7 Rxh5 45. Qf7 Rd5
46. Qf8+ Kh7 47. Qf1 Qxd3+ 0-1

[Event "Sparkassen-Open B"]
[Site "Heusenstamm, Martinsee"]
[Date "2019.11.23"]
[Round "4.47"]
[White "Ghaznavi, Massoud"]
[Black "Richter, Johannes"]
[Result "0-1"]
[WhiteElo "1562"]
[BlackElo "1348"]
[PlyCount "80"]
[EventDate "2019.??.??"]
[WhiteTeam "SV Oberursel"]
[BlackTeam "Berkershm"]

1. e4 c5 2. Nf3 d6 3. d4 cxd4 4. Nxd4 Nf6 5. Nc3 g6 6. Bd3 Bg7 7. Bd2 Nxe4 8.
Nxe4 Bxd4 9. c3 Bg7 10. Qa4+ Nd7 11. O-O O-O 12. Be3 Ne5 13. Qc2 Nxd3 14. Qxd3
Bf5 15. Rad1 d5 16. Qb5 Bxe4 17. f3 Bf5 18. Rxd5 Qc8 19. Qe2 b6 20. Rd2 Rd8 21.
Rxd8+ Qxd8 22. Rd1 Qc7 23. Qd2 h5 24. Bf2 Be6 25. a3 Bb3 26. Re1 Rd8 27. Qe2
Be6 28. Bg3 Qd7 29. Qa6 Qd2 30. Qxa7 Qxb2 31. Qxe7 Rd2 32. Qc7 Qxc3 33. Qxc3
Bxc3 34. Rc1 Bd4+ 35. Kf1 Ra2 36. Be1 Rxa3 37. Rc2 b5 38. Bd2 Bc4+ 39. Ke1 Ra1+
40. Bc1 Be3 0-1

[Event "Sparkassen-Open B"]
[Site "Heusenstamm, Martinsee"]
[Date "2019.11.23"]
[Round "4.48"]
[White "Dehmel, Manfred"]
[Black "Papadopoulos, Leon"]
[Result "1-0"]
[WhiteElo "1545"]
[BlackElo "1388"]
[PlyCount "97"]
[EventDate "2019.??.??"]
[WhiteTeam "SC Königsspringer Alzenau"]
[BlackTeam "SV Oberursel"]

1. Nf3 d5 2. d4 e6 3. a3 c5 4. dxc5 Bxc5 5. e3 Nf6 6. b4 Bb6 7. Bb2 Bd7 8. Be2
O-O 9. Ne5 Nc6 10. Nxd7 Qxd7 11. Bxf6 gxf6 12. O-O d4 13. c3 d3 14. Qxd3 Qxd3
15. Bxd3 Ne5 16. Be4 Rab8 17. Nd2 Rfd8 18. Nb3 Nc4 19. g3 a5 20. Rfe1 a4 21.
Nd4 e5 22. Nf5 Nd2 23. Bg2 Rd3 24. Red1 Rbd8 25. Re1 Rxc3 26. Bxb7 e4 27. Rec1
Rcd3 28. Rc6 Nf3+ 29. Kg2 Ba7 30. Ra6 Ng5 31. Rxa7 R3d7 32. Ra8 Rxa8 33. Bxa8
Rd3 34. h4 Ne6 35. Bxe4 Rb3 36. Bc2 Rc3 37. Bxa4 Nc7 38. Bd7 Kf8 39. b5 Nd5 40.
Bc6 Ne7 41. Nxe7 Kxe7 42. a4 Kd8 43. a5 Kc7 44. a6 f5 45. a7 Kd6 46. a8=Q Rxc6
47. Qxc6+ Ke7 48. Ra7+ Kf8 49. Qd7 1-0

[Event "Sparkassen-Open B"]
[Site "Heusenstamm, Martinsee"]
[Date "2019.11.23"]
[Round "4.49"]
[White "Wöhl, Torsten"]
[Black "Gärtner, Johannes"]
[Result "1/2-1/2"]
[WhiteElo "1522"]
[BlackElo "1344"]
[PlyCount "67"]
[EventDate "2019.??.??"]
[WhiteTeam "SC Groß-Zimmern"]
[BlackTeam "SF Heidesheim"]

1. d4 d5 2. Bf4 Nf6 3. e3 e6 4. c4 c6 5. Nc3 Be7 6. h4 h5 7. Nf3 Nbd7 8. Be2 b6
9. Qc2 Bb7 10. a3 a5 11. Ne5 dxc4 12. Nxc4 Nd5 13. Bf3 Nxf4 14. exf4 Qc7 15.
Ne5 Rd8 16. Nb5 Qc8 17. Na7 Qc7 18. Bxc6 Bxc6 19. Naxc6 Nxe5 20. dxe5 Rc8 21.
Rc1 O-O 22. g3 Bc5 23. Nd4 Rfd8 24. Nb3 Bxf2+ 25. Qxf2 Qxc1+ 26. Nxc1 Rxc1+ 27.
Ke2 Rc2+ 28. Ke3 Rxf2 29. Kxf2 Rd2+ 30. Kf3 Rxb2 31. Rc1 Rb3+ 32. Kg2 Rxa3 33.
Rb1 Ra4 34. Rxb6 1/2-1/2

[Event "Sparkassen-Open B"]
[Site "Heusenstamm, Martinsee"]
[Date "2019.11.23"]
[Round "4.50"]
[White "Bauer, Laura Sophie"]
[Black "Martin, Peter"]
[Result "0-1"]
[WhiteElo "1356"]
[BlackElo "1395"]
[PlyCount "148"]
[EventDate "2019.??.??"]
[WhiteTeam "SK Neumarkt"]
[BlackTeam "SC Wittlich"]

1. e4 c5 2. Nf3 d6 3. d4 cxd4 4. Nxd4 Nf6 5. Nc3 a6 6. f3 e5 7. Nb3 Be6 8. Be3
Be7 9. Bd3 Nc6 10. O-O d5 11. exd5 Nxd5 12. Nxd5 Bxd5 13. Qd2 O-O 14. Rae1 f5
15. c3 Qc7 16. Qf2 b5 17. Nc5 f4 18. Bd2 Qa7 19. Ne4 Qxf2+ 20. Rxf2 Bxa2 21. g3
Rac8 22. gxf4 exf4 23. Ra1 Bc4 24. Bxc4+ bxc4 25. Rxa6 Ne5 26. Re6 Ng6 27. Rg2
Rfe8 28. Rb6 Nh4 29. Rf2 Rf8 30. Kf1 Ng6 31. b4 cxb3 32. Rxb3 Ne5 33. Be1 Nc4
34. Ra2 g5 35. Ra7 Rfe8 36. Rbb7 Kf8 37. Nf6 Ne3+ 38. Kf2 Bxf6 39. Rf7+ Kg8 40.
Rxf6 Nd1+ 41. Kg2 Rf8 42. Rh6 Rf7 43. Ra3 Kg7 44. Rd6 Ne3+ 45. Kf2 Nc4 46. Rda6
Nxa3 47. Rxa3 Rb7 48. Ra2 Kg6 49. Ke2 Re7+ 50. Kd1 Re3 51. Rc2 Rxf3 52. c4 Rd8+
53. Kc1 Rf1 54. Re2 Rc8 55. Kd2 Rxc4 56. Rg2 h5 57. Ke2 Rh1 58. Bf2 g4 59. Rg1
Rxh2 60. Kd3 Rc8 61. Bd4 Rh3+ 62. Ke4 f3 63. Kf4 Rf8+ 64. Ke4 g3 65. Kd3 g2 66.
Bf2 Rh1 67. Rxg2+ fxg2 68. Bc5 Rd8+ 69. Kc4 g1=Q 70. Bxg1 Rxg1 71. Kc3 Rc1+ 72.
Kb2 Rc7 73. Kb3 Rb8+ 74. Ka4 Ra7# 0-1

[Event "Sparkassen-Open B"]
[Site "Heusenstamm, Martinsee"]
[Date "2019.11.23"]
[Round "4.51"]
[White "Özyar, Arin"]
[Black "Meng, Yuxuan"]
[Result "0-1"]
[WhiteElo "1345"]
[BlackElo "1378"]
[PlyCount "32"]
[EventDate "2019.??.??"]
[WhiteTeam "SC Bad Soden"]
[BlackTeam "SV Walldorf"]

1. d4 d5 2. c4 e6 3. Nc3 Nf6 4. Bg5 Nbd7 5. e3 c6 6. Nf3 Bb4 7. Bd3 Qa5 8. Qc2
Ne4 9. Bxe4 dxe4 10. Nd2 Qxg5 11. Ncxe4 Qe7 12. O-O-O b6 13. Nf3 Bb7 14. a3 Bd6
15. b4 Bc7 16. c5 f5 0-1

[Event "Sparkassen-Open B"]
[Site "Heusenstamm, Martinsee"]
[Date "2019.11.23"]
[Round "4.52"]
[White "Keck, Johannes"]
[Black "Pichl, Johann"]
[Result "1-0"]
[WhiteElo "1263"]
[BlackElo "1315"]
[PlyCount "67"]
[EventDate "2019.??.??"]
[WhiteTeam "SC Erlangen"]
[BlackTeam "SK Bad Homburg"]

1. e4 c6 2. d4 d5 3. e5 Bf5 4. Nf3 e6 5. Be2 h6 6. O-O Nd7 7. Nc3 c5 8. Re1 a6
9. h3 Bh7 10. Be3 cxd4 11. Nxd4 Bc5 12. f4 Ne7 13. Bf2 O-O 14. Rf1 b5 15. a3
Qc7 16. Nb3 Bxf2+ 17. Rxf2 Rfd8 18. Nd4 Qb6 19. Bf3 Nb8 20. Nce2 Nbc6 21. c3
Nxd4 22. Nxd4 Rac8 23. Rc1 Ng6 24. g3 Ne7 25. Kg2 Rc7 26. g4 Rdc8 27. Qe2 Rc5
28. g5 hxg5 29. fxg5 Ng6 30. Kg3 Qc7 31. Re1 Ne7 32. Bg4 a5 33. Qf3 Rf8 34.
Nxe6 1-0

[Event "Sparkassen-Open B"]
[Site "Heusenstamm, Martinsee"]
[Date "2019.11.23"]
[Round "4.53"]
[White "Barth, Horst"]
[Black "Kuran, Rainer"]
[Result "1/2-1/2"]
[WhiteElo "1270"]
[BlackElo "1464"]
[PlyCount "67"]
[EventDate "2019.??.??"]
[WhiteTeam "SF Mainz"]
[BlackTeam "Karlsruher SF"]

1. c4 Nf6 2. Nc3 e6 3. e3 d5 4. d4 Be7 5. Bd3 O-O 6. Nf3 b6 7. O-O Bb7 8. a3
dxc4 9. Bxc4 Nbd7 10. b4 Ne4 11. Nxe4 Bxe4 12. Bd3 Bb7 13. Qe2 Nf6 14. Bb2 Nd5
15. Rac1 Qd7 16. Qc2 g6 17. Ne5 Qd8 18. e4 Bg5 19. Rb1 Nf4 20. Bb5 a6 21. Bc6
Bxc6 22. Nxc6 Qd6 23. e5 Qd5 24. f3 Nd3 25. Qxd3 Qxc6 26. f4 Be7 27. Rbc1 Qd5
28. Rc2 Rfc8 29. Rfc1 c5 30. g3 Rc6 31. b5 axb5 32. Qxb5 Rac8 33. a4 Qe4 34.
Kf2 1/2-1/2

[Event "Sparkassen-Open B"]
[Site "Heusenstamm, Martinsee"]
[Date "2019.11.23"]
[Round "4.54"]
[White "Jelinek, Stefan"]
[Black "Kuchta, Maksim"]
[Result "1/2-1/2"]
[WhiteElo "1457"]
[BlackElo "1308"]
[PlyCount "113"]
[EventDate "2019.??.??"]
[WhiteTeam "SC Kahl"]
[BlackTeam "SC Heusenstamm"]

1. d4 Nf6 2. Bf4 e6 3. Nf3 d5 4. e3 c5 5. c4 Nc6 6. Nc3 Be7 7. Bd3 Qb6 8. b3
cxd4 9. exd4 Nxd4 10. Nxd4 Qxd4 11. Qd2 Bb4 12. Rc1 Bxc3 13. Rxc3 Ne4 14. Bxe4
Qxe4+ 15. Qe3 Qxg2 16. Rf1 Qe4 17. cxd5 Qxd5 18. Ke2 O-O 19. Rd1 Qb5+ 20. Rcd3
Bd7 21. Bd6 Rfe8 22. a4 Qh5+ 23. Qf3 Qxf3+ 24. Kxf3 Bc6+ 25. Ke3 Rad8 26. Bc5
Rxd3+ 27. Rxd3 b6 28. Bd4 Rd8 29. Rc3 Rc8 30. b4 f6 31. b5 Bb7 32. Rxc8+ Bxc8
33. a5 bxa5 34. Bxa7 Kf7 35. Bc5 Ke8 36. Kd4 Kd8 37. Kc4 Bd7 38. b6 Kc8 39. f4
Kb7 40. Bd4 e5 41. fxe5 fxe5 42. Bxe5 Kxb6 43. Bxg7 Be6+ 44. Kd4 a4 45. Ke5 Bg8
46. Kf5 Kb5 47. Be5 Kb4 48. Kf6 a3 49. Kg7 Kc5 50. Kxg8 Kd5 51. Ba1 Ke4 52.
Kxh7 Kf4 53. Kg6 Kg4 54. Be5 Kh3 55. Kg5 a2 56. Kh5 a1=Q 57. Bxa1 1/2-1/2

[Event "Sparkassen-Open B"]
[Site "Heusenstamm, Martinsee"]
[Date "2019.11.23"]
[Round "4.55"]
[White "Moldenhauer, Nils"]
[Black "Bakó, Evelin"]
[Result "1-0"]
[WhiteElo "1453"]
[BlackElo "1240"]
[PlyCount "169"]
[EventDate "2019.??.??"]
[WhiteTeam "SV Oberursel"]
[BlackTeam "TSV Langenau"]

1. e4 e5 2. Nf3 Nf6 3. Nxe5 d6 4. Nf3 Nxe4 5. Nc3 Nf6 6. d4 d5 7. Bg5 Be7 8.
Bd3 O-O 9. O-O Nc6 10. h3 Be6 11. Re1 h6 12. Bh4 Re8 13. Bb5 a6 14. Ba4 b5 15.
Bb3 a5 16. a3 a4 17. Ba2 Qb8 18. Bxf6 Bxf6 19. Nxd5 Bxd5 20. Bxd5 Rxe1+ 21.
Qxe1 Qb6 22. c3 Rd8 23. Ba2 Ne7 24. Ne5 Bxe5 25. Qxe5 Ng6 26. Qf5 Rf8 27. Re1
Qf6 28. Qxb5 Qf4 29. Qd3 Rd8 30. Qxg6 Rf8 31. Qc6 Qd2 32. Rb1 Qf4 33. Qxa4 h5
34. Qa5 h4 35. Re1 Qd2 36. Rb1 Qf4 37. Qh5 g6 38. Qxg6+ Kh8 39. Qh5+ Kg8 40.
Rd1 Re8 41. Bb1 Re6 42. Qf5 Qh6 43. Ba2 Rf6 44. Qc8+ Kg7 45. Qxc7 Qg6 46. Bb1
Qg5 47. Qc5 Qf4 48. Rf1 Qh6 49. Qe5 Kf8 50. b4 Re6 51. Qc5+ Kg7 52. Ba2 Rc6 53.
Qd5 Re6 54. Qd7 Rf6 55. c4 Qd2 56. Bb1 Qb2 57. Qa7 Rf4 58. c5 Qxd4 59. Qa6 Rf6
60. Qb5 Qa1 61. a4 Rf4 62. Qa5 Qc3 63. Ba2 Qxb4 64. Qxb4 Rxb4 65. Rc1 Rxa4 66.
Bb3 Ra7 67. g3 hxg3 68. fxg3 Rc7 69. c6 f6 70. Kg2 Kg6 71. Kf3 Kh5 72. Kf4 Kg6
73. g4 Kg7 74. Kf5 Kh7 75. Kxf6 Kh6 76. h4 Kh7 77. h5 Kh6 78. Bd1 Rc8 79. Ke7
Kg7 80. Kd7 Rxc6 81. Rxc6 Kf7 82. h6 Kg8 83. Bc2 Kf8 84. h7 Kg7 85. Rc8 1-0